[Event "E World Cup 2017"]
[Site "Tbilisi GEO"]
[Date "2017.09.19"]
[Round "6.1"]
[White "So, Wesley"]
[Black "Ding, Liren"]
[Result "1/2-1/2"]
[WhiteElo "2810"]
[BlackElo "2777"]
[EventDate "2017.09.03"]
[Annotator "Bojkov,Dejan"]
[PlyCount "94"]
[Beauty "5708414201378"]
[EventType "schev"]
[EventRounds "5"]
[EventCountry "GEO"]

1.e4 e5 2.Nf3 Nc6 3.Bc4 {The Italian game is extremely popular in Tbilisi.} ( {The last time these players met it was the Spanish game:} 3.Bb5 a6 4.Ba4 Nf6 5.O-O Nxe4 6.d4 b5 7.Bb3 d5 8.dxe5 Be6 9.Nbd2 Nc5 10.c3 Be7 11.Bc2 d4 12.Nxd4 Nxd4 13.cxd4 Qxd4 14.Nf3 Qxd1 15.Rxd1 O-O 16.Be3 {and a draw many moves later, So,W (2775)-Ding,L (2778) Shanghai 2016} ) 3...Nf6 4.d3 Bc5 5.c3 d6 6.O-O O-O 7.Re1 a5 ( {So has some negative experience after} 7...a6 8.Bb3 Re8 9.h3 h6 10.Nbd2 Be6 11.Nf1 Bxb3 12.Qxb3 d5 {So,W (2812)-Carlsen, M (2832) Paris 2017. But who does not against this opponent?} 13.Be3 Bf8 14.Rad1 Na5 15.Qc2 c5 {So,W (2812)-Carlsen,M (2832) Paris 2017} ) 8.Nbd2 Be6 9.Bb5 Qb8 $146 {A nice novelty. The queen comes out "a la Rubinstein."} ( {Previously} 9...Na7 {was tried} 10.Ba4 b5 11.d4 Bb6 12.Bc2 c6 13.a4 {Mayer,J (2057) -Pripoae,N (2343) corr. 2003} ) 10.Nf1 Qa7 {The point behind Ding's play. The queen is active on the a7-g1 diagonal.} 11.Be3 Bxe3 12.Nxe3 Ne7 {Ding can be happy with his opening novelty. He managed to equalize.} 13.a4 ( {Or} 13.Ba4 Ng6 ) 13...Ng6 14.Bc4 Bxc4 {"Ding offered a draw here. But I wanted to play a few more moves." (So)} 15.Nxc4 Qa6 16.g3 {To restrict the black knights.} 16...Rfe8 17.Qb3 $1 {So is famous for squeezing chances literally from every single position. The queen trade is the best way to get something out of the position.} 17...Nf8 18.Qb5 Qxb5 $6 {An inaccuracy.} ( {Ding would have avoided many unpleasant moments if he had not traded the queens himself.} 18...Ne6 {For example} 19.Qxa6 Rxa6 20.b4 b6 21.bxa5 bxa5 22.Reb1 Nd7 {with equality.} ) 19.axb5 b6 20.Ra3 {Now it is better for White. He has extra space and can mount pressure along the half-open file.} 20...Ne6 21.Ne3 ( {In case of the immediate} 21.Rea1 {Black can defend with} 21...Nc5 {For example} ( 21...Rad8 $5 ) 22.b4 Nxd3 23.Nfd2 ( 23.bxa5 bxa5 24.Nfd2 Nc5 ) 23...Rab8 24.bxa5 bxa5 25.Rxa5 d5 ) 21...Nc5 22.c4 a4 23.Rea1 {I believe So should have tried to keep both knights alive.} ( {In the line} 23.Nd2 g6 ( {The queenside knight cannot leave his stand} 23...Ne6 24.Rea1 $1 ) ( {Neither can the kingside one leave:} 23...Nfd7 24.Nd5 $1 ) ( {If} 23...Kf8 $5 24.Rea1 Ra5 25.Nc2 ( 25.Kf1 $5 ) 25...Ng8 26.f3 {the play will be similar.} ) 24.Rea1 Rac8 {White has a clear plan of taking the a-pawn. First he bring the king closer to defend his d3 one.} 25.Kf1 Kg7 26.Ke2 Ng8 {Next he sends the e3-knight to attack the a3 pawn.} 27.Nd5 f5 28.Nc3 {The knight on d2 would be the watchdog in these lines, not letting the black one jump on b3. Black's task would have been extremely difficult.} ) 23...Nb3 $1 ( {If} 23...Ra5 {the above-mentioned plan will work after} 24.Nd2 Kf8 25.Kf1 $5 Ke7 26.Ke2 Kd7 27.b4 axb3 28.Rxa5 bxa5 29.Rxa5 b2 30.Ra3 {and the b2 pawn is doomed.} ) 24.Rd1 Rec8 25.Nd2 Nxd2 26.Rxd2 {It is still very unpleasant for Black, but not as much as with all the knights on the board.} 26...Nd7 27.Rd1 Nc5 28.Nd5 Kf8 29.f4 {The wonderful knight on d5 supports the kingside expansion too.} ( {Please note that in case of} 29.Rda1 Ra5 $1 {is mandatory} ( {As} 29...Nb3 $2 {allows the cute trick} 30.Nxc7 $1 ) ) 29...Ra5 ( {Once again, the trick can be seen after} 29...f6 30.Rda1 Nb3 31.Nxc7 $1 ) 30.Nb4 Raa8 ( {Here} 30...f6 {was possible, for example} 31.Nc6 Raa8 32.Kf2 Ke8 33.Ke3 Kd7 ) 31.Kf2 Ke8 32.Ke3 f6 33.f5 Kd7 $1 {"Very wise decision to keep his queenside pawns defended." (So) We have already seen what might happen on the c7 square if Black is not careful.} 34.g4 Rh8 35.h4 h6 $1 {Ding needs an open file on his own.} 36.Nd5 {Since both players are short of time, So does not hurry to force things yet.} ( {Indeed} 36.Rg1 Kc8 37.g5 hxg5 38.hxg5 Rh3+ 39.Kd2 Kb7 {yields White nothing.} ) 36...Ra5 ( {Black always has to watch out for the b-pawn advance.} 36...Kc8 37.b4 $1 Nb3 38.Nc3 ) 37.Rg1 Kc8 38.g5 {Now he decided to force it. More practical would have been to wait for two more moves and only then to decide when to open up.} ( 38.Ne7+ Kb7 39.Ng6 Re8 40.g5 h5 $1 {would have sealed the kingside (and the draw).} ) 38...hxg5 39.hxg5 Rh3+ 40.Kd2 Nb3+ 41.Kc3 {So, So did take the practical decision not to pull the you-know-who by the tail and to get the half point.} ( {So believed no. He saw the following lines:} 41.Rxb3 axb3 42.gxf6 gxf6 43.Rg7 {"Unfortunately Black has counter-attack here"} ( {"If I play a passive move like"} 43.Kc3 Rh7 44.Nxf6 Rf7 45.Nd5 {"I would win also the b3 pawn, but it will be a draw as the b-pawns are doubled". (So)} ) 43...Rh2+ 44.Kc3 Ra2 45.Rxc7+ Kb8 ( {However, So's intuition did not fail him. After the correct} 45...Kd8 $1 46.Rc6 Raxb2 ( {But not with the other rook, as White will get an additional chance to sacrifice his knight for the b2-pawn. For example} 46...Rhxb2 47.Rxd6+ Ke8 48.Re6+ Kf7 49.Rxf6+ Kg7 50.Rg6+ Kf7 51.Rxb6 Rb1 52.Rb7+ Kf8 53.Rb8+ Kg7 54.b6 b2 55.Kb3 Rc1 56.Nc3 b1=Q+ 57.Nxb1 Rxb1+ 58.Kxa2 {and White wins.} ) 47.Rxd6+ Ke8 $1 {Yes, at this direction, away from the white king!} 48.Re6+ Kf7 49.Rxf6+ Kg7 {The game should end in a draw. Here is a sample line:} 50.Rxb6 Rb1 51.Kb4 b2 52.Rg6+ Kf7 53.Rf6+ Kg7 54.Rg6+ {Black cannot deviate from it:} 54...Kh8 $4 ( {Or} 54...Kf8 55.Rf6+ Ke8 56.Re6+ Kd7 57.Re7+ Kd8 58.Rg7 Rc1 59.Rg8+ Kd7 60.Rg7+ Ke8 61.Nc7+ Kd8 62.Ne6+ {with another perpetual check.} ) 55.Nf6 ) 46.Rc6 Raxb2 47.Rxb6+ Kc8 {"which should be enough for a draw." (So) Actually, in this final position White has a fantastic win:} 48.Rxd6 Rb1 ( {Or} 48...Rhc2+ 49.Kb4 Rb1 50.Kc5 $3 b2 51.Kb6 $1 {and White mates.} ) 49.Kb4 $3 {Once again this move.} 49...b2 50.Nb6+ Kc7 51.Rd7+ Kxb6 ( {Or} 51...Kb8 52.Kc5 Ra1 53.Kc6 {and Black is getting checkmated again.} ) 52.c5# $1 ) 41...Nd4 42.gxf6 Rh2 43.Nxb6+ ( 43.fxg7 $4 {would allow a study-like mate} 43...Rc2+ 44.Kb4 c5+ 45.bxc6 Nxc6# ) 43...cxb6 44.fxg7 Rc2+ 45.Kb4 Rxb2+ 46.Kc3 Rc2+ 47.Kb4 Rb2+ 1/2-1/2

[Event "E World Cup 2017"]
[Site "Tbilisi GEO"]
[Date "2017.09.20"]
[Round "6.2"]
[White "Ding, Liren"]
[Black "So, Wesley"]
[Result "1/2-1/2"]
[WhiteElo "2777"]
[BlackElo "2810"]
[EventDate "2017.09.03"]
[Annotator "Bojkov,Dejan"]
[PlyCount "116"]
[Beauty "5224961936904"]
[EventType "schev"]
[EventRounds "5"]
[EventCountry "GEO"]
[WhiteClock "0:21:30"]
[BlackClock "0:25:28"]

1.d4 Nf6 2.c4 e6 3.g3 d5 4.Bg2 Be7 5.Nf3 {After the difficult defense yesterday Ding wants to play for a win without much risk. The Catalan is the perfect weapon for his intentions.} 5...O-O 6.b3 {A rare move.} 6...b6 ( {Granda Zuniga solved the opening problems differently:} 6...dxc4 7.bxc4 c5 8.O-O cxd4 9.Nxd4 Nfd7 10.Bb2 a6 11.Nc3 Qc7 12.Rc1 Nc5 13.e3 Nc6 14.Qe2 Bd7 15.Ne4 Na4 16.Ba1 e5 17.Nb5 axb5 18.cxb5 {1/2-1/2 (18) Iturrizaga Bonelli,E (2614)-Granda Zuniga,J (2639) Pamplona 2010} ) 7.O-O Bb7 8.Nc3 Nbd7 9.Bb2 c5 10.Ne1 $1 $146 {A fighting novelty. The Catalan is known for the long diagonal, so why not use it?} ( {Compare this to} 10.cxd5 Nxd5 11.Nxd5 Bxd5 12.dxc5 Nxc5 13.Rc1 Bf6 14.Bxf6 Qxf6 15.Qd4 Qe7 16.Qe3 Qb7 17.Rfd1 Rac8 18.Ne1 {1/2-1/2 (18) Hernandez Guerrero,G (2506)-Gonzalez Zamora,J (2502) Mexico City 2016} ) 10...cxd4 {So, on his turn, uses the moment when the white knight is gone.} 11.Qxd4 Bc5 {Tempting, but it does not equalize.} ( {The computer suggests} 11...Nc5 {instead, although the position arising after} 12.cxd5 exd5 13.Rd1 {is not everyone's cup of tea. The isolani might become a weakness in the long run and the white knight from e1 can be transferred to f4 to prove that.} ) 12.Qf4 Bb4 {In order to ease the pressure against the d5 spot.} 13.Nd3 Bxc3 14.Bxc3 Qc8 {This was So's idea. The exchanges on the long diagonal are inevitable but Ding finds a way to keep the pressure.} 15.Rfc1 $1 dxc4 16.Bxf6 Nxf6 17.Rxc4 Qb8 18.Qxb8 Rfxb8 19.Ne5 Bxg2 20.Kxg2 Ne8 21.Nc6 {"I got the dream Catalan position" said the Chinese GM. Indeed, the knight on c6 is a monster (first proven by Botvinnik) and thanks to it White has good control of both the open files.} 21...Rb7 22.Rd1 Kf8 23.e4 {The pieces look awesome, so it is time to improve the pawns.} ( 23.b4 $5 ) 23...Nf6 24.f4 b5 $1 {So opens some air for his rooks.} 25.Rcd4 g6 26.Ne5 ( {The trades will relieve Black's position:} 26.Rd8+ Rxd8 27.Rxd8+ Kg7 ) ( 26.Kf3 $5 {with the idea to advance the g-pawn deserved attention though.} ) 26...h6 $6 {Any pawn push is a potential weakness.} ( 26...Rc7 {was simpler and better instead.} ) ( {Or even} 26...Rc8 {although this seems less precise after} 27.Rd8+ Rxd8 28.Rxd8+ Kg7 29.Kf3 {with a somewhat better position for White.} ) 27.Rc1 Ke8 28.Kf3 Nd7 29.Nd3 $1 {The knight is stepping on the black rooks' toes, so White keeps it.} 29...a5 30.Rc6 {Both players were running low on time and White decided not to force matters.} ( 30.f5 $5 {to create a second weakness deserved attention, to which Black would have probably defended with} 30...exf5 31.exf5 Ra6 ) 30...Ke7 31.a3 ( {Once again} 31.f5 $1 {deserved serious attention. Moreover, Black would lack the above-mentioned Ra8-a6 resource now. After} 31...exf5 32.exf5 gxf5 ( 32...Nf8 33.Nc5 $1 {looks grim for Black.} ) 33.Rd5 a4 34.b4 Rg8 $1 35.Rxf5 Rg6 {Black can possibly defend, but his position remains very unpleasant.} ) 31...Raa7 32.Ke3 Nb8 $1 {"This came as a surprise for me." (Ding)} ( {Most likely the Chinese GM expected} 32...Rc7 33.Rdd6 Rxc6 34.Rxc6 {with good control of the situation.} ) 33.Rc8 Nd7 34.Rc6 ( {In case of} 34.Rh8 {Black can even ignore that pawn and go for counter play of his own with} 34...Rc7 $1 35.Rxh6 Rc3 ) 34...Nb8 35.Rc8 Nd7 36.Nc5 Nb6 $6 {The last critical moment of the game.} ( 36...Nxc5 37.Rxc5 b4 38.a4 Rc7 39.Rdc4 {was still unpleasant for Black but objectively much better than what happened in the game.} ) 37.Rc6 ( {"There is no mate after"} 37.Rh8 $1 Rc7 38.Rdd8 Rxc5 {(Ding). However, if we prolong the line a bit} 39.e5 f5 40.Rb8 Rc8 41.Rbxc8 Nxc8 42.Rxc8 {we shall see that White keeps a large advantage without any risk. Will he win this is another question, but it is definitely nice playing such positions. First, So may not defend it and Ding can advance into the next round outright. Second, even if Back defends it he will have to spend an enourmous supply of energy and nerves, which would matter for the rapid match tomorrow.} ) 37...Rc7 $1 {The knight trade is definitely an achievement for Black.} 38.Rxb6 Rxc5 39.e5 g5 {Trading pawns is always good for the defender.} ( 39...a4 40.b4 Rc3+ 41.Rd3 Rb3 $1 {would have held the draw as well, as} 42.Rxb5 $4 {even loses to} 42...Rd7 $1 43.Rxb3 axb3 {and suddenly the b-pawn will queen.} ) 40.Rd3 gxf4+ 41.gxf4 Rc2 42.h3 Ra2 {The same trading policy.} 43.b4 axb4 44.axb4 Rh2 45.Ke4 Rc7 46.Rxb5 Rc4+ 47.Rd4 Rc7 $1 ( {Much better than} 47...Rxd4+ 48.Kxd4 Rxh3 49.Rb7+ {when the b-pawn would cause Black headache.} ) 48.Rc5 {The last winning try.} ( {Or} 48.Ra5 Rc3 {with equality.} ) 48...Rxc5 49.bxc5 Rc2 50.f5 exf5+ 51.Kxf5 Rxc5 52.Rd6 Rc1 53.Rxh6 Rf1+ 54.Ke4 f6 ( {Checks from far away would also split the point.} 54...Re1+ ) 55.exf6+ Rxf6 56.Rxf6 Kxf6 57.h4 Kg6 58.h5+ Kxh5 1/2-1/2

[Event "E World Cup 2017"]
[Site "Tbilisi GEO"]
[Date "2017.09.21"]
[Round "6.3"]
[White "Vachier Lagrave, Maxime"]
[Black "Aronian, Levon"]
[Result "1-0"]
[WhiteElo "2804"]
[BlackElo "2802"]
[EventDate "2017.09.03"]
[Annotator "Bojkov,Dejan"]
[PlyCount "127"]
[Beauty "6190121615368"]
[EventType "schev"]
[EventRounds "5"]
[EventCountry "GEO"]

1.e4 e5 2.Nf3 Nc6 3.Bb5 a6 4.Ba4 Nf6 5.O-O Be7 6.d3 b5 7.Bb3 d6 8.a3 O-O 9.Nc3 Bg4 10.Be3 Nd4 11.Bxd4 exd4 12.Nd5 Nxd5 ( 12...Nd7 13.h3 Bxf3 14.Qxf3 a5 15.c3 dxc3 16.bxc3 c6 17.Nxe7+ Qxe7 18.d4 c5 {Naiditsch,A (2712) -Ponomariov,R (2699) Danzhou 2017} ) 13.Bxd5 Rc8 14.Bc6 Bf6 15.a4 Bd7 $146 ( 15...Rb8 16.axb5 axb5 17.Ra7 Rb6 18.Bd5 c6 19.Bb3 Qb8 20.Ra5 Qb7 {Kashlinskaya,A (2433) -Guseva,M (2352) Bilbao 2014} ) 16.Bxd7 Qxd7 17.Qd2 Qc6 18.b3 Rfe8 19.Rfe1 Qc5 {Move of the day.} 20.g4 $1 {Getting his kingside majority into motion. Vachier-Lagrave has a stable advantage which he skilfully increases with his next moves.} 20...b4 21.Re2 c6 22.Rae1 g6 ( 22...g5 23.e5 $1 dxe5 24.Nxg5 ) 23.Kg2 Re6 24.h4 Rce8 25.Ng5 R6e7 26.f4 a5 27.Nf3 h5 {This makes things easier for Vachier-Lagrave but Aronian does not like defending passively.} 28.g5 Bg7 29.Rf1 Qa7 30.Qe1 c5 31.Qg3 Qd7 32.Qh3 Qc6 ( {The endgame is bad for Black:} 32...Qxh3+ 33.Kxh3 {followed by Nf3-d2-c4 leaves the black pawns exposed.} ) 33.f5 Ra7 34.Nd2 $1 Rc7 35.Qf3 Ra7 36.Rfe1 Qc7 37.Nc4 Be5 38.Rf1 Qd8 39.Ref2 Bg7 40.Qf4 Rd7 41.Kg1 Kh7 42.Qg3 Kg8 43.Rf3 d5 44.exd5 Rxd5 45.f6 Bf8 ( {Or else the bishop is buried alive after} 45...Bh8 ) 46.Re1 Rxe1+ 47.Qxe1 Bd6 48.Qe4 Bc7 49.Rf2 Qd7 50.Re2 Kh7 51.Qg2 ( 51.Qf3 {would have been faster} 51...Kg8 ( {Or} 51...Qf5 52.Qxf5 Rxf5 53.Re7 ) 52.Re7 Qc6 53.Rxc7 Rxg5+ 54.Kf2 $1 ) 51...Qf5 52.Re4 Rd7 53.Qf1 Qd5 54.Qf3 Qb7 55.Kg2 Qc8 56.Qe2 Qb7 57.Kg1 Qd5 58.Ne5 Bxe5 59.Rxe5 Qd6 60.Kg2 Rd8 61.Qe4 Rd7 62.Re7 Qc7 63.Kh3 ( 63.Qe6 $1 ) 63...Qc8 64.Qe6 $1 {[Dejan Bojkov]} 1-0

[Event "E World Cup 2017"]
[Site "Tbilisi GEO"]
[Date "2017.09.21"]
[Round "6.5"]
[White "So, Wesley"]
[Black "Ding, Liren"]
[Result "0-1"]
[WhiteElo "2792"]
[BlackElo "2771"]
[EventDate "2017.09.03"]
[Annotator "Bojkov,Dejan"]
[PlyCount "138"]
[Beauty "5843303015471"]
[EventType "schev"]
[EventRounds "5"]
[EventCountry "GEO"]

1.Nf3 d5 2.g3 g6 3.Bg2 Bg7 4.d4 Nf6 5.c4 c6 6.O-O O-O 7.Nbd2 a5 8.b3 a4 9.Bb2 Bf5 10.e3 ( 10.Nh4 Be6 11.e4 dxe4 12.Nxe4 Nxe4 13.Bxe4 Qb6 14.Bc3 Rd8 15.c5 Qc7 {Movsesian,S (2671)-Bocharov,I (2534) Cheliabinsk 2017} ) 10...Nbd7 11.Qe2 Ne4 12.Nxe4 Bxe4 13.cxd5 cxd5 14.Qb5 Ra5 15.Qxb7 Nc5 16.Qb4 Nd3 17.Qd2 Rb5 18.Bc3 $146 ( 18.Ng5 Bxg2 19.Kxg2 Nxb2 20.Qxb2 Qb6 21.Nf3 axb3 22.Rfb1 bxa2 23.Qxb5 axb1=Q 24.Rxb1 Qxb5 25.Rxb5 e6 {Berkes,F (2649) -Salem,A (2594) Baku 2014} ) 18...axb3 {Probably they both were into their prep as what happens next is very forced.} 19.Ng5 b2 $1 ( 19...Bxg2 $2 {drops the knight after} 20.Kxg2 b2 21.Rab1 ) 20.Rab1 Nxf2 21.Qxf2 Bxb1 22.Rxb1 e5 23.Nh3 ( 23.Bf1 $1 {first was needed, for example} 23...Rb8 24.Nh3 Qc7 25.Bxb2 exd4 26.exd4 Qa7 {With the threat Rb8xb2!} 27.Rd1 Qxa2 28.Rd2 {and the computer claims it's equal.} ) ( 23.Nf3 {is another way to play it.} ) 23...exd4 24.exd4 Qc7 25.Qd2 Rfb8 ( 25...Rc8 26.Rxb2 Rxb2 27.Bxb2 Qc2 {was good for Black.} ) 26.Nf4 Qc4 27.Bxd5 Rxd5 28.Nxd5 Qxd5 29.Rxb2 Rc8 {Ding has full compensation for a pawn at least.} 30.Rb3 h5 $1 31.Bb2 Kh7 32.h3 Qe4 33.Qd3 $2 {A blunder.} 33...Qe1+ ( 33...Bxd4+ $1 {would have capitalized faster:} 34.Bxd4 Rc1+ 35.Kf2 Rc2+ ) 34.Qf1 Qd2 35.Qf2 Qd1+ 36.Qf1 Bxd4+ 37.Bxd4 Qxd4+ 38.Kh1 Qd5+ 39.Rf3 ( 39.Qg2 Rc1+ 40.Kh2 Qc5 41.Rb2 h4 {should win for Black.} 42.gxh4 Qe5+ ) ( {As well as} 39.Kg1 Rc2 $1 ) 39...Rc3 40.Kg2 Qc6 41.h4 Kg8 ( {Black cannot go for the rook:} 41...f6 42.a4 g5 43.hxg5 fxg5 44.Qb1+ $1 {and White escapes.} ) ( 41...Rc2+ 42.Kg1 Rc1 {was already winning the queen, but Black wants to make sure he does it in more favorable circumstances.} ) 42.a4 f6 43.a5 Kg7 44.a6 Rc2+ 45.Kg1 Rc1 {Now is better.} 46.Rxf6 Rxf1+ 47.Rxf1 Qxa6 48.Kg2 Qe2+ 49.Rf2 Qe4+ 50.Kh2 g5 51.hxg5 h4 52.Rf4 Qe2+ 53.Kh3 hxg3 54.Kxg3 Kg6 55.Rf2 Qe3+ 56.Kg2 Kxg5 57.Rf3 Qe2+ 58.Kg3 Qe1+ 59.Kg2 Kg4 60.Rf2 Qe4+ 61.Kh2 Kh4 62.Ra2 Qe5+ 63.Kg1 Qd4+ 64.Kh2 Qd6+ 65.Kg1 Qc5+ 66.Kh2 Qc7+ 67.Kg1 Qb6+ 68.Kg2 Qb7+ 69.Kh2 Qb8+ {[Dejan Bojkov]} 0-1

[Event "European Team Championship"]
[Site "?"]
[Date "2017.10.30"]
[Round "3.2"]
[White "Nepomniachtchi, Ian"]
[Black "Laznicka, Viktor"]
[Result "1-0"]
[WhiteElo "2733"]
[BlackElo "2654"]
[EventDate "2017.??.??"]
[Annotator "Bojkov,Dejan"]
[PlyCount "51"]
[Beauty "8249155790857"]
[EventType "team-tourn"]

1.e4 c6 2.d4 d5 3.e5 Bf5 4.Nf3 e6 5.Be2 c5 6.Be3 cxd4 7.Nxd4 Ne7 8.O-O Nbc6 9.Bb5 {A particularly unpleasant choice for Black. According to my Megabase, Laznicka has played this position three times and has not even scored half a point yet.} 9...a6 ( 9...Bg6 10.c4 a6 11.Ba4 dxc4 12.Na3 Bd3 13.Rc1 Bxf1 14.Qxf1 Rc8 {Bartel,M (2652)-Laznicka,V (2666) Dresden GER 2015} ) 10.Bxc6+ bxc6 ( {Black did not equalize after} 10...Nxc6 11.Nxf5 exf5 12.c3 Be7 13.Nd2 Nxe5 14.Bd4 {with initiative for a pawn, Shirov, A (2706)-Laznicka,V (2683) Novy Bor 2012.} ) 11.c4 Qd7 ( {Perhaps the second player should follow Howell's footprints:} 11...dxc4 12.Nxf5 ( 12.Qa4 $5 {is critical though.} 12...Qd7 13.Na3 c3 14.bxc3 Nd5 15.Nxf5 exf5 16.Nc4 Be7 {Khalifman,A (2649)-Laznicka, V (2702) Plovdiv BUL 2012} ) 12...Qxd1 13.Rxd1 Nxf5 14.Nd2 Nxe3 15.fxe3 c3 $1 {with equality in Areshchenko,A (2645)-Howell,D (2640) Germany 2017} ) 12.Nc3 dxc4 13.Na4 Nd5 14.Nxf5 exf5 15.Rc1 c3 ( {None has tested yet} 15...Nxe3 16.Qxd7+ Kxd7 17.fxe3 Ke6 18.Rxc4 ) 16.Qc2 {So far both players were practically blitzing but here Laznicka sank into thought.} ( {Apparently the Czech player expected} 16.Nxc3 {and then he remembered a game that he witnessed just a meter away from him recently:} 16...Nxe3 17.fxe3 g6 18.Qf3 Bh6 19.Na4 O-O 20.Nb6 Qa7 21.Rxc6 Rae8 22.Nc4 f4 23.Kh1 fxe3 24.b3 Bg7 25.Qxe3 Qxe3 26.Nxe3 Rxe5 {and Black held in Caruana,F (2808)-Navara,D (2742) Baku 2016} ) 16...Be7 $146 {A novelty.} ( {An email game saw} 16...Rb8 17.Nxc3 Nxe3 18.fxe3 Bc5 19.Nd1 {Borstnik,A (2567)-Rydholm,L (2524) ICCF email 2012. Nepomniachtchi either had something prepared here or liked the position and did not mind slight and stable advantage.} ) ( {The obvious question is why not take the pawn:} 16...cxb2 {The answer: after} 17.Qxb2 {Black cannot finish the kingside development. For instance} 17...Be7 {is well met with} 18.e6 $1 Qxe6 19.Qxg7 Bf6 20.Qh6 {Look at the black king and pawns. Is this worth only one pawn?} ) 17.Nxc3 Nxe3 {Black needs to do some damage to the opponent's position too.} ( {Otherwise} 17...Nxc3 $2 18.Qxc3 {leaves him suffereing for nothing.} ) 18.fxe3 Bg5 {It is tempting to divert the white rook from the half-open file and relieve the pressure on the c6 pawn. But...} ( {The immediate} 18...g6 {was better to which Nepomniachtchi most likely intended} 19.Na4 ( 19.e4 {is not as convincing as in the line} 19...fxe4 20.Nxe4 O-O 21.Qxc6 {does not win a pawn due to} 21...Qd4+ 22.Kh1 Qxe5 ) 19...Bg5 20.Qc5 {Keeping the black king in the center.} ) 19.Rce1 g6 {Black is just a step away from castling and excellent game, but he will never get this tempo.} 20.g4 $1 fxg4 21.Ne4 {With a tempo. This is why the bishop was better placed on e7.} 21...Be7 22.Rd1 Qc8 ( 22...Qb7 23.e6 $1 {would be bad enough.} ) ( 22...Qe6 $2 {drops at least a rook after} 23.Nd6+ Bxd6 24.Qxc6+ Ke7 25.exd6+ ) 23.e6 $1 {Breaks open the files.} 23...fxe6 ( {The last chance was} 23...Qxe6 24.Nd6+ Bxd6 25.Qxc6+ Ke7 26.Qb7+ Kf8 27.Qxa8+ Kg7 {Hoping for a chance to occur due to the weakness of the white king. It is hard to believe that Black can survive though after} 28.Qd5 ( 28.Qxa6 $4 Bxh2+ ) 28...Qxe3+ 29.Kh1 Bb8 30.Rxf7+ Kh6 ) 24.Qc3 {Look at the heavy pieces in both camps. They tell a thousand words.} 24...Rf8 ( {Black is getting smashed after} 24...Rg8 25.Nf6+ Bxf6 26.Qxf6 Ra7 27.Rd8+ Qxd8 28.Qxe6+ Qe7 ( {Or} 28...Re7 29.Qxg8+ Kd7 30.Rd1+ ) 29.Qxg8+ Kd7 30.Rf7 ) 25.Rxf8+ Bxf8 26.Qh8 {The main threat is Ne4-d6+ but there a dozen of others... Black had had enough.} ( 26.Qh8 Ke7 27.Qxh7+ Ke8 28.Nf6# ) 1-0